| 000 | 00407cam a22001457a 4500 | ||
|---|---|---|---|
| 008 | 180718b1965 xxu||||| |||| 00| 0 eng d | ||
| 082 | _aA99 H578/M319 | ||
| 100 | _aManvell, Roger | ||
| 245 |
_aHeirnrich Himmler _cby Roger Manvell and Heinrich Fraenkel |
||
| 260 |
_aLondon _bHeinemann _c1965 |
||
| 300 | _a285p. | ||
| 500 | _a30/- | ||
| 650 | _aHimmler, Heinrich, 1900-1945 | ||
| 700 | _aFraenkel, Heinrich | ||
| 999 |
_c372977 _d372977 |
||